| 000 | 00000nam##2200000za#4500 |
| 001 | 9.570968 |
| 003 | CaOODSP |
| 005 | 20210624182509 |
| 007 | cr ||||||||||| |
| 008 | 150406|2006||||xxc|||||o f|0| 0 eng|d |
| 040 | |aCaOODSP|beng |
| 043 | |an-cn--- |
| 086 | 1 |aYC25-0/391-2E-PDF |
| 110 | 1 |aCanada. |bParliament. |bSenate. |bStanding Committee on Fisheries and Oceans. |
| 245 | 14|aThe Atlantic snow crab fishery : |h[electronic resource]|binterim report on the Committee's study of the federal government's new and emerging policy framework for managing Canada's fisheries and oceans / |cThe Honourable William Rompkey, chair; the Honourable Janis G. Johnson, deputy chair. |
| 260 | |aOttawa - Ontario : |bSenate. |cJune 2006. |
| 300 | |a25p.|bgraph, map, references, table |
| 490 | 1 |aReport of the Standing Senate Committee on Fisheries and Oceans|v[39th Parliament, 1st Session, 2nd report] |
| 590 | |a11-12-Supp|b2011-07-29 |
| 775 | 08|tLa pêche au crabe des neiges dans l'Atlantique : |w(CaOODSP)9.601610 |
| 830 | #0|aReport of the Standing Senate Committee on Fisheries and Oceans ;|v[39th Parliament, 1st Session, 2nd report]|w(CaOODSP)9.505799 |
| 856 | 40|ahttp://publications.gc.ca|qPDF|s547 KB|uhttps://publications.gc.ca/collections/collection_2011/sen/yc25-0/YC25-0-391-2-eng.pdf|y[39th Parliament, 1st Session, 2nd report] |